00554cam a22001937a 4500003000500000005001700005008004100022010000900063011000900072035000900081040000900090100002900099245007100128260003700199300000900236502006800245650002600313650002100339CHAP20220329133618.0971013s1991 r 00010 d a8548 a9520 a8755 cCHAP00aCaballero Mata, César.13aLa roya del frijol causada por (Uromyces phaseoli var typica Arth) aMarín, N.L. :bEl autor,c1991 a52 h aTesis (Ing. Agr. Fitotecnista) -- UANL. Facultad de Agronomía14aFrijolxEnfermedades.14aRoya del frijol.